Längste Wörter der deutschen Sprache (Duden) - Statistiken

Allgemein
  • Dieses Quiz wurde 197 mal gespielt
  • Das Durchschnittsergebnis liegt bei 2 aus 10
Antwortstatistiken
Platz Antwort Definition Gebrauch Anzahl der Buchstaben (ohne Bindestriche) % Korrekt
3. Donau-Dampfschifffahrtsgesellschaft Aktiengesellschaft, die die Dampfschifffahrt auf der Donau betreibt früher 34
65%
2. Kraftfahrzeug-Haftpflichtversicherung Versicherung, die Schäden deckt, die einem Dritten durch ein Kraftfahrzeug entstehen - 36
40%
1. Aufmerksamkeitsdefizit-Hyperaktivitätsstörung in der Kindheit beginnende Verhaltens- und emotionale Störung, die besonders durch Probleme mit Aufmerksamkeit und Impulsivität gekennzeichnet ist Medizin, Physiologie 44
39%
5. Bundesausbildungsförderungsgesetz Gesetz, das in der Bundesrepublik Deutschland die staatlichen Beihilfen zur Ausbildung regelt - 33
28%
9. Straßenverkehrs-Zulassungs-Ordnung Gesamtheit der Vorschriften über die Zulassung von Personen und Fahrzeugen zum Straßenverkehr Amtssprache 32
9%
10. Veranstaltungsinformationsdienst Informationsdienst, der Auskunft über aktuelle Veranstaltungsangebote u. Ä. gibt - 32
4%
8. Finanzmarktstabilisierungsgesetz Gesetz, dessen Ziel die Herbeiführung und Sicherung der Finanzmarktstabilität ist Politik, Wirtschaft 32
3%
4. Arbeiterunfallversicherungsgesetz Gesetz zur Regelung der Pflichtversicherung der Arbeiter - 33
2%
7. Finanzdienstleistungsunternehmen Finanzdienstleister (a) Wirtschaft 32
2%
6. Rhein-Main-Donau-Großschifffahrtsweg Nordsee und Schwarzes Meer verbindende Binnenwasserstraße - 33
2%
Keine übereinstimmenden Quizze gefunden
Verteilung der Resultate
Anzahl Personen mit jedem Resultat
Perzentil nach korrekt beantworteten Fragen
Ihre Resultats-Entwicklung
Sie haben dieses Quiz noch nicht gespielt